What are design obligations in construction contracts (Record no. 82117)
[ view plain ]
| 000 -LEADER | |
|---|---|
| fixed length control field | 01144cab a22002175a 4500 |
| 001 - CONTROL NUMBER | |
| control field | L149298 |
| 008 - FIXED-LENGTH DATA ELEMENTS--GENERAL INFORMATION | |
| fixed length control field | e2010 xxk 000 0 eng d |
| 035 ## - SYSTEM CONTROL NUMBER | |
| System control number | (Sirsi) u149298 |
| 041 0# - LANGUAGE CODE | |
| Language code of text/sound track or separate title | eng |
| 100 1# - MAIN ENTRY--PERSONAL NAME | |
| Personal name | Chilton, Michael |
| 245 00 - TITLE STATEMENT | |
| Title | What are design obligations in construction contracts |
| Medium | [electronic resource] |
| 260 ## - PUBLICATION, DISTRIBUTION, ETC. | |
| Date of publication, distribution, etc. | 2010 |
| 490 ## - SERIES STATEMENT | |
| Series statement | Construction Journal |
| Volume/sequential designation | Feb-Mar 2010, 11-12(2) |
| 520 ## - SUMMARY, ETC. | |
| Summary, etc. | Reviews the design obligations and liabilities and differences between the liability of a contractor under a building contract and that of a professional designer under an appointment. The designer has an obligation implied by section 13 of the Supply of Goods and Services Act 1982. This essentially means that a designer will only be liable if it can be proved that he is professionally negligent. |
| 590 ## - LOCAL NOTE (RLIN) | |
| Local note | KA |
| 650 24 - SUBJECT ADDED ENTRY--TOPICAL TERM | |
| Topical term or geographic name entry element | SUPPLY OF GOODS AND SERVICES ACT 1982 |
| 651 #4 - SUBJECT ADDED ENTRY--GEOGRAPHIC NAME | |
| Geographic name | United Kingdom |
| Chronological subdivision | |
| 690 ## - LOCAL SUBJECT ADDED ENTRY--TOPICAL TERM (OCLC, RLIN) | |
| Topical term or geographic name as entry element | MANAGEMENT-PROJECT MANAGEMENT-CONTRACT ADMINISTRATION |
| 856 48 - ELECTRONIC LOCATION AND ACCESS | |
| Uniform Resource Identifier | <a href="https://www.rics.org/site/download_feed.aspx?fileID=5762&fileExtension=PDF">https://www.rics.org/site/download_feed.aspx?fileID=5762&fileExtension=PDF</a> |
| Public note | View this item (member-only access) at www.rics.org |
| 942 ## - ADDED ENTRY ELEMENTS (KOHA) | |
| Suppress in OPAC | 0 |
| Withdrawn status | Lost status | Source of classification or shelving scheme | Damaged status | Not for loan | Home library | Current library | Shelving location | Date acquired | Total Checkouts | Full call number | Barcode | Date last seen | Copy number | Price effective from | Koha item type |
|---|---|---|---|---|---|---|---|---|---|---|---|---|---|---|---|
| Dewey Decimal Classification | Virtual | Virtual | Online | 18/02/2010 | ONLINE PUBLICATION | 149298-2001 | 06/08/2019 | 1 | 06/08/2019 | Journal article |